000 00368nam a2200133Ia 4500
005 20260328101449.0
008 260328s9999||||xx |||||||||||||| ||und||
100 _aJunta de Andalucía
245 0 _aGuía Arquitectónica y Urbanística de Montevideo /
_cJunta de Andalucía
260 _bDos Puntos
300 _a239 p.
650 _aARQUITECTURA REGIONAL
942 _cBK
999 _c8575
_d8575